Textbook of Oral Medicine, Oral diagnosis & Oral Radiology (Record no. 26818)

MARC details
000 -LEADER
fixed length control field 00398nam a22001577a 4500
003 - CONTROL NUMBER IDENTIFIER
control field SGT
020 ## - INTERNATIONAL STANDARD BOOK NUMBER
International Standard Book Number 9788131257166
082 ## - DEWEY DECIMAL CLASSIFICATION NUMBER
Classification number 616.0757
Item number T21O
100 ## - MAIN ENTRY--PERSONAL NAME
Personal name Ongole, Ravikiran
245 ## - TITLE STATEMENT
Title Textbook of Oral Medicine, Oral diagnosis & Oral Radiology
250 ## - EDITION STATEMENT
Edition statement 3rd
260 ## - PUBLICATION, DISTRIBUTION, ETC. (IMPRINT)
Place of publication, distribution, etc Netherlands
Name of publisher, distributor, etc Elsevier
Year of Publication 2021
300 ## - PAGE DESCRIPTION
No. of Pages 874
650 ## - SUBJECT ADDED ENTRY--TOPICAL TERM
Topical term or geographic name as entry element Oral Medicine; Oral Radiology
942 ## - ADDED ENTRY ELEMENTS (KOHA)
Source of classification or shelving scheme Dewey Decimal Classification
Koha item type Books
942 ## - ADDED ENTRY ELEMENTS (KOHA)
-- 2
Holdings
Withdrawn status Lost status Source of classification or shelving scheme Damaged status Not for loan Home library Current library Shelving location Date acquired Vendor Name Cost, normal purchase price SGTU Bill Number Full call number Accession No. (Barcode) Date last seen Bill Date Koha item type Total Checkouts Date last borrowed
    Dewey Decimal Classification   Not For Loan SGT Dental Library SGT Dental Library Reference Book 22/08/2024 Ahuja Book Co. Pvt. Ltd. 2690.00 SGTU 19153 616.0757 T21O FD9466 22/08/2024   Books    
    Dewey Decimal Classification     SGT Dental Library SGT Dental Library Text Book 22/08/2024 Ahuja Book Co. Pvt. Ltd. 2690.00 SGTU 19153 616.0757 T21O FD9467 22/08/2024   Books    
    Dewey Decimal Classification     SGT Dental Library SGT Dental Library Text Book 22/08/2024 Ahuja Book Co. Pvt. Ltd. 2690.00 SGTU 19153 616.0757 T21O FD9468 27/06/2025   Books 3 27/06/2025
    Dewey Decimal Classification     SGT Dental Library SGT Dental Library Text Book 22/08/2024 Ahuja Book Co. Pvt. Ltd. 2690.00 SGTU 19153 616.0757 T21O FD9469 22/08/2024   Books    
    Dewey Decimal Classification     SGT Dental Library SGT Dental Library Text Book 22/08/2024 Ahuja Book Co. Pvt. Ltd. 2690.00 SGTU 19153 616.0757 T21O FD9470 22/08/2024   Books    
    Dewey Decimal Classification     SGT Dental Library SGT Dental Library Text Book 22/08/2024 Ahuja Book Co. Pvt. Ltd. 2690.00 SGTU 19153 616.0757 T21O FD9471 22/08/2024   Books    
    Dewey Decimal Classification     SGT Dental Library SGT Dental Library Text Book 22/08/2024 Ahuja Book Co. Pvt. Ltd. 2690.00 SGTU 19153 616.0757 T21O FD9472 22/08/2024   Books    
    Dewey Decimal Classification     SGT Dental Library SGT Dental Library Text Book 22/08/2024 Ahuja Book Co. Pvt. Ltd. 2690.00 SGTU 19153 616.0757 T21O FD9473 11/08/2025   Books 1 08/07/2025
    Dewey Decimal Classification     SGT Dental Library SGT Dental Library Text Book 22/08/2024 Ahuja Book Co. Pvt. Ltd. 2690.00 SGTU 19153 616.0757 T21O FD9474 22/08/2024   Books    
    Dewey Decimal Classification     SGT Dental Library SGT Dental Library Text Book 22/08/2024 Ahuja Book Co. Pvt. Ltd. 2690.00 SGTU 19153 616.0757 T21O FD9475 22/08/2024   Books